| 000 | 01269nam0a22002771 4500 | ||
|---|---|---|---|
| 001 | rc\3412640 | ||
| 005 | 20130115140512.0 | ||
| 021 |
_aRU _b[72-3258] |
||
| 035 | _a(NLR Aleph) 007578573 | ||
| 090 |
_a5483307 _c5483307 |
||
| 100 | _a20130115d1971 |||y0rusy50 ca | ||
| 101 | 0 | _arus | |
| 102 | _aRU | ||
| 105 | _ay z ||||| | ||
| 200 | 1 |
_aРазвитие дорожно-мостового хозяйства Ленинграда _eМатериалы к краткосрочному семинару. 21-23 дек. 1971 г. _fПод ред. д-ра техн. наук А.А. Калерта _gЛенингр. организация о-ва "Знание" РСФСР. Ленингр. дом науч.-техн. пропаганды |
|
| 210 |
_aЛенинград _cБ. и. _d1971 |
||
| 215 |
_a70 с. _d20 |
||
| 320 | _aСписок лит. в конце книги (10 назв.) | ||
| 606 |
_aДорожное хозяйство _yЛенинград _2psbo |
||
| 702 | 1 |
_aКалерт _bА. А. _gАлексей Алексеевич _4340 |
|
| 712 | 0 | 2 |
_aЛенинградский дом науч.-техн. пропаганды _3RU\NLR\AUTH\889940416 |
| 801 | 0 |
_aRU _bNLR _gpsbo |
|
| 801 | 1 |
_aRU _bELAR _2rusmarc |
|
| 852 |
_aNLR _j72-4/4468 |
||
| 942 | _cBOOK | ||
| 980 | _aNB | ||